[Event "CZE-chT2A 2223"]
[Site "Czech Republic"]
[Date "2023.01.08"]
[Round "6.7"]
[White "Havelkova, Beata"]
[Black "Wojdyla, Alex"]
[Result "1-0"]
[WhiteElo "1622"]
[BlackElo "1854"]
[PlyCount "59"]
[EventDate "2022.10.16"]
[EventType "team-tourn"]
[EventRounds "11"]
[EventCountry "CZE"]
[SourceTitle "EXT 2024"]
[Source "ChessBase"]
[SourceDate "2023.10.10"]
[SourceVersion "1"]
[SourceVersionDate "2023.10.10"]
[SourceQuality "1"]
[WhiteTeam "Budejovice II"]
[BlackTeam "Pisek"]
[WhiteTeamCountry "CZE"]
[BlackTeamCountry "CZE"]

1. e4 c5 2. c3 d5 3. exd5 Qxd5 4. d4 Nf6 5. Nf3 Bg4 6. Be2 e6 7. 0-0 Be7 8. Be3 Nbd7 9. dxc5 Nxc5 10. Bxc5 Bxc5 11. Qa4+ Kf8 12. Nbd2 g6 13. Rfd1 Qc6 14. Qf4 Bf5 15. Ne5 Qd5 16. Bf3 g5 17. Qg3 Qd6 18. Ndc4 Qe7 19. Qxg5 Bxf2+ 20. Kf1 h5 21. Qxf6 Qxf6 22. Nd7+ Ke7 23. Nxf6 Bh4 24. Nd7 Rad8 25. Nc5 b6 26. Ne4 Rd5 27. g3 Rhd8 28. Ned2 Bd3+ 29. Ke1 Rc5 30. b4 1-0